[Event "Mare di Fano op 6th"]
[Site "Fano"]
[Date "2017.07.29"]
[Round "1"]
[White "Korneev, Oleg"]
[Black "Capitelli, Paolo"]
[Result "1-0"]
[WhiteElo "2563"]
[BlackElo "2092"]
[PlyCount "46"]
[EventDate "2017.07.29"]
[EventType "swiss"]
[EventRounds "9"]
[EventCountry "ITA"]
[SourceTitle "EXT 2018"]
[Source "ChessBase"]
[SourceDate "2017.10.13"]
[SourceVersion "1"]
[SourceVersionDate "2017.10.13"]
[SourceQuality "1"]

1. e4 c5 2. Nf3 e6 3. d4 cxd4 4. Nxd4 Nf6 5. Nc3 Nc6 6. Ndb5 Bb4 7. a3 Bxc3+ 8. Nxc3 d5 9. exd5 exd5 10. Bd3 0-0 11. 0-0 Bg4 12. f3 Bh5 13. Bg5 Qb6+ 14. Kh1 Ne4 15. Nxe4 dxe4 16. Bxe4 Qxb2 17. Qb1 Qxb1 18. Rfxb1 f5 19. Bd3 b6 20. Rb5 Nd4 21. Rb4 Nc6 22. Rh4 Bg6 23. Kg1 Ne5 1-0

[Event "Montesilvano Adriatico op 7th"]
[Site "Montesilvano"]
[Date "2015.03.07"]
[Round "2"]
[White "Capitelli, Paolo"]
[Black "Lantini, Marco"]
[Result "1/2-1/2"]
[WhiteElo "2058"]
[BlackElo "2095"]
[PlyCount "55"]
[EventDate "2015.03.07"]
[EventType "swiss"]
[EventRounds "5"]
[EventCountry "ITA"]
[SourceTitle "EXT 2017"]
[Source "ChessBase"]
[SourceDate "2016.10.25"]
[SourceVersion "1"]
[SourceVersionDate "2016.10.25"]
[SourceQuality "1"]

1. e4 e5 2. Nf3 Nc6 3. Bc4 Nf6 4. d3 Bc5 5. Nc3 d6 6. Bg5 h6 7. Bxf6 Qxf6 8. Nd5 Qd8 9. c3 a6 10. d4 Ba7 11. dxe5 Nxe5 12. Nxe5 dxe5 13. Qe2 c6 14. Ne3 Qg5 15. Qf3 0-0 16. 0-0 Be6 17. Bb3 Rad8 18. Rad1 Bxe3 19. Qxe3 Qxe3 20. fxe3 Bxb3 21. axb3 f6 22. Kf2 Kf7 23. Ke2 Ke6 24. Rfe1 g6 25. Rg1 Ke7 26. Rgf1 Ke6 27. Rg1 Ke7 28. Rgf1 1/2-1/2

[Event "Jakarta Indonesia op 3rd"]
[Site "Jakarta"]
[Date "2013.10.17"]
[Round "11"]
[White "Nakhbayeva, Guliskhan"]
[Black "Capitelli, Paolo"]
[Result "1-0"]
[WhiteElo "2307"]
[BlackElo "2089"]
[PlyCount "111"]
[EventDate "2013.10.10"]
[EventType "swiss"]
[EventRounds "11"]
[EventCountry "INA"]
[SourceTitle "EXT 2014"]
[Source "ChessBase"]
[SourceDate "2013.11.20"]
[SourceVersion "1"]
[SourceVersionDate "2013.11.20"]
[SourceQuality "1"]

1. d4 Nf6 2. c4 g6 3. Nc3 Bg7 4. e4 d6 5. h3 0-0 6. Bg5 c5 7. d5 Qa5 8. Bd2 a6 9. a4 Qc7 10. Bd3 e6 11. Nf3 exd5 12. cxd5 c4 13. Bc2 Nbd7 14. 0-0 Re8 15. Re1 Rb8 16. Be3 b6 17. Qd2 Nc5 18. Bd4 Nh5 19. Bxg7 Nxg7 20. Qh6 f6 21. Nd4 Bd7 22. f4 Nd3 23. Bxd3 Qc5 24. Bc2 Qxd4+ 25. Kh1 Qd2 26. Re2 Qd4 27. Rd1 Qc5 28. f5 gxf5 29. Qxf6 Rf8 30. Qh6 Rbe8 31. exf5 Rxe2 32. Nxe2 Bxf5 33. Bxf5 Rxf5 34. Rd4 Rh5 35. Qf6 Rf5 36. Qh4 b5 37. Ng3 Rf8 38. a5 Rf7 39. Qg4 Qc7 40. Re4 Qd7 41. Re6 Kf8 42. Ne4 Ne8 43. Qh5 Ng7 44. Qh6 Kg8 45. Nf6+ Rxf6 46. Rxf6 Qe7 47. Qf4 Nh5 48. Qg4+ Ng7 49. Qc8+ Qe8 50. Qg4 Qe7 51. Re6 Qd7 52. Qg5 Qf7 53. Qd8+ Qf8 54. Qxf8+ Kxf8 55. Rxd6 Nf5 56. Rf6+ 1-0

[Event "Jakarta Indonesia op 3rd"]
[Site "Jakarta"]
[Date "2013.10.16"]
[Round "10"]
[White "Capitelli, Paolo"]
[Black "Fauzan, M."]
[Result "1/2-1/2"]
[WhiteElo "2089"]
[BlackElo "2221"]
[PlyCount "82"]
[EventDate "2013.10.10"]
[EventType "swiss"]
[EventRounds "11"]
[EventCountry "INA"]
[SourceTitle "EXT 2014"]
[Source "ChessBase"]
[SourceDate "2013.11.20"]
[SourceVersion "1"]
[SourceVersionDate "2013.11.20"]
[SourceQuality "1"]

1. e4 c5 2. Nf3 e6 3. d4 cxd4 4. Nxd4 a6 5. Bd3 Nc6 6. Nxc6 bxc6 7. c4 Nf6 8. Nc3 e5 9. Qe2 Bc5 10. 0-0 Bd4 11. Be3 c5 12. Bxd4 cxd4 13. Nd5 d6 14. f4 Nd7 15. fxe5 Nxe5 16. Qf2 Bb7 17. Qxd4 Bxd5 18. exd5 0-0 19. Be2 Re8 20. b4 a5 21. a3 Qb8 22. c5 Qa7 23. Rad1 Reb8 24. Kh1 f6 25. c6 Qxd4 26. Rxd4 axb4 27. axb4 Ra2 28. Bf3 Kf8 29. Rb1 Ke7 30. b5 Rb6 31. h3 Kd8 32. Rdd1 Nxf3 33. gxf3 Ra5 34. Kg2 Rbxb5 35. Rxb5 Rxb5 36. Kg3 Rb4 37. Ra1 Rb5 38. Ra8+ Kc7 39. Ra7+ Kc8 40. Rxg7 h5 41. Rg8+ Kc7 1/2-1/2

[Event "Jakarta Indonesia op 3rd"]
[Site "Jakarta"]
[Date "2013.10.13"]
[Round "5"]
[White "Lim, Kian Hwa"]
[Black "Capitelli, Paolo"]
[Result "1/2-1/2"]
[WhiteElo "1902"]
[BlackElo "2089"]
[PlyCount "148"]
[EventDate "2013.10.10"]
[EventType "swiss"]
[EventRounds "11"]
[EventCountry "INA"]
[SourceTitle "CBM 156 Extra"]
[Source "ChessBase"]
[SourceDate "2013.10.22"]
[SourceVersion "1"]
[SourceVersionDate "2013.10.22"]
[SourceQuality "1"]

1. e4 c5 2. Nc3 Nc6 3. g3 d6 4. Bg2 g6 5. d3 Bg7 6. Be3 e6 7. Qd2 Nge7 8. Bh6 0-0 9. Bxg7 Kxg7 10. f4 f5 11. Nf3 Nd4 12. Nh4 Rb8 13. Nd1 d5 14. Ne3 Ndc6 15. exf5 exf5 16. 0-0 d4 17. Nd1 Be6 18. Re1 Bd5 19. Re2 Bxg2 20. Nxg2 Nd5 21. Nf2 Qd7 22. a3 Rbe8 23. Rae1 Nf6 24. h3 b5 25. Nh4 b4 26. axb4 Nxb4 27. Nf3 Rxe2 28. Rxe2 Re8 29. Rxe8 Nxe8 30. Ne5 Qe6 31. c3 Nd5 32. cxd4 cxd4 33. Qa5 a6 34. Qa4 g5 35. Qxd4 gxf4 36. gxf4 Nef6 37. h4 Kg8 38. Nh3 Qc8 39. Nc4 Qe8 40. Qe5 Qg6+ 41. Ng5 h6 42. Qb8+ Ne8 43. Ne5 Qh5 44. Ngf3 Nxf4 45. Qb3+ Kh8 46. Kh2 Nf6 47. Qb8+ Qe8 48. Nf7+ Kg7 49. Qxf4 Ng4+ 50. Kg3 Qxf7 51. Nd4 Kg6 52. Nxf5 h5 53. Qg5+ Kh7 54. Qe7 Qxe7 55. Nxe7 Ne5 56. d4 Nc4 57. d5 Kg7 58. b3 Nd2 59. b4 Kf6 60. Nc8 Ke5 61. Nb6 Ne4+ 62. Kf3 Nf6 63. Kg3 Nxd5 64. Nd7+ Kd6 65. Nb8 Nxb4 66. Nxa6 Nxa6 67. Kf4 Ke6 68. Kg5 Nc7 69. Kxh5 Kf5 70. Kh6 Ne8 71. Kh7 Kf6 72. Kg8 Ke7 73. h5 Nf6+ 74. Kg7 Nxh5+ 1/2-1/2

[Event "Budapest FS08 FM-A1"]
[Site "Budapest"]
[Date "2012.08.08"]
[Round "5"]
[White "Juracsik, Jozsef"]
[Black "Capitelli, Paolo"]
[Result "1/2-1/2"]
[WhiteElo "2142"]
[BlackElo "2087"]
[PlyCount "138"]
[EventDate "2012.08.04"]
[EventType "tourn"]
[EventRounds "11"]
[EventCountry "HUN"]
[SourceTitle "CBM 149 Extra"]
[Source "ChessBase"]
[SourceDate "2012.08.24"]
[SourceVersion "1"]
[SourceVersionDate "2012.08.24"]
[SourceQuality "1"]

1. e4 c5 2. Nf3 e6 3. d4 cxd4 4. Nxd4 Nf6 5. Nc3 Nc6 6. Be3 Bb4 7. Nxc6 bxc6 8. e5 Nd5 9. Bd2 Nxc3 10. bxc3 Be7 11. Qg4 g6 12. Bd3 Qa5 13. Qg3 Ba6 14. 0-0 Bxd3 15. cxd3 Rb8 16. Bh6 Bf8 17. Bxf8 Kxf8 18. c4 Kg7 19. Qf4 Rhc8 20. Qf6+ Kg8 21. h4 h5 22. Rae1 Qd8 23. Rb1 Qxf6 24. exf6 Kf8 25. Rb3 Ke8 26. Rfb1 Rxb3 27. Rxb3 Kd8 28. f3 Kc7 29. Kf2 d5 30. Ke3 dxc4 31. dxc4 Rd8 32. g3 e5 33. Ra3 Kb7 34. Ke4 Rd6 35. Ra5 Rxf6 36. Rxe5 Kb6 37. g4 hxg4 38. fxg4 Rf2 39. a4 f6 40. a5+ Ka6 41. Rc5 Kb7 42. h5 gxh5 43. gxh5 Rh2 44. Kf4 Kc7 45. Kg4 Kd6 46. Rf5 Ke6 47. Rf3 Kf7 48. Rb3 Rc2 49. Rb7+ Ke6 50. h6 Rxc4+ 51. Kg3 Rc3+ 52. Kg2 Rc2+ 53. Kg3 Rc3+ 54. Kh4 Rc4+ 55. Kh5 Rc5+ 56. Kg6 Rg5+ 57. Kh7 Rxa5 58. Kg8 Rh5 59. h7 c5 60. h8Q Rxh8+ 61. Kxh8 Kd5 62. Kg7 c4 63. Kxf6 c3 64. Rxa7 Kd4 65. Rc7 Kd3 66. Ke5 c2 67. Kd5 Kd2 68. Kd4 c1Q 69. Rxc1 Kxc1 1/2-1/2

[Event "Budapest FS08 FM-A1"]
[Site "Budapest"]
[Date "2012.08.06"]
[Round "3"]
[White "Fuad Kamel Jamaliah, Natalie"]
[Black "Capitelli, Paolo"]
[Result "0-1"]
[WhiteElo "1997"]
[BlackElo "2087"]
[PlyCount "120"]
[EventDate "2012.08.04"]
[EventType "tourn"]
[EventRounds "11"]
[EventCountry "HUN"]
[SourceTitle "CBM 149 Extra"]
[Source "ChessBase"]
[SourceDate "2012.08.24"]
[SourceVersion "1"]
[SourceVersionDate "2012.08.24"]
[SourceQuality "1"]

1. e4 c5 2. Nf3 e6 3. d4 cxd4 4. Nxd4 Nf6 5. Nc3 Nc6 6. Ndb5 Bb4 7. a3 Bxc3+ 8. Nxc3 d5 9. exd5 exd5 10. Bd3 0-0 11. 0-0 Bg4 12. f3 Bh5 13. Bg5 Qb6+ 14. Kh1 Ne4 15. Nxe4 dxe4 16. Bxe4 Qxb2 17. Rb1 Qxa3 18. Rxb7 Qa6 19. Qb1 Bg6 20. Bxg6 hxg6 21. Rd1 Rab8 22. Rxb8 Rxb8 23. Qc1 Qc4 24. Be3 a5 25. h3 a4 26. Bf4 Re8 27. Bd6 Rd8 28. Ba3 Rxd1+ 29. Qxd1 Qc3 30. Qd6 Qe1+ 31. Kh2 Qe5+ 32. Qxe5 Nxe5 33. Kg1 Nc4 34. Bc5 a3 35. Kf2 a2 36. Bd4 Na3 37. c4 Nc2 38. Bc3 a1Q 39. Bxa1 Nxa1 40. Ke3 Kf8 41. Kd4 Ke7 42. Kc3 Kd6 43. g3 g5 44. Kb2 Kc5 45. Kc3 f5 46. h4 gxh4 47. gxh4 g6 48. Kd3 Nb3 49. Ke3 Kd6 50. Kf4 Nd4 51. Kg5 Nxf3+ 52. Kxg6 Ke6 53. c5 Nxh4+ 54. Kg5 Nf3+ 55. Kf4 Nd4 56. Ke3 Nc6 57. Kf4 Kf6 58. Ke3 Ke5 59. Kf3 f4 60. Ke2 Ke4 0-1

[Event "Dublin Easter e2e4 op"]
[Site "Dublin"]
[Date "2012.04.07"]
[Round "4"]
[White "Gourlay, Iain"]
[Black "Capitelli, Paolo"]
[Result "1-0"]
[WhiteElo "2351"]
[BlackElo "2122"]
[PlyCount "99"]
[EventDate "2012.04.05"]
[EventType "swiss"]
[EventRounds "9"]
[EventCountry "IRL"]
[SourceTitle "CBM 147 Extra"]
[Source "ChessBase"]
[SourceDate "2012.04.24"]
[SourceVersion "1"]
[SourceVersionDate "2012.04.24"]
[SourceQuality "1"]

1. Nf3 Nf6 2. g3 g6 3. Bg2 Bg7 4. 0-0 d6 5. c4 Nc6 6. Nc3 0-0 7. Rb1 e5 8. d3 a5 9. a3 h6 10. b4 axb4 11. axb4 Be6 12. b5 Ne7 13. Qb3 Qd7 14. Rd1 Nh5 15. Nd2 Rab8 16. Ra1 f5 17. Ra7 c6 18. bxc6 Nxc6 19. Ra2 f4 20. Ba3 fxg3 21. hxg3 Bh3 22. c5+ Kh7 23. Qd5 Be6 24. Qxd6 Qxd6 25. cxd6 Bxa2 26. Nxa2 Ra8 27. Nc4 Rxa3 28. Nxa3 Ra8 29. Rb1 Rxa3 30. Rxb7 Nd8 31. Rd7 Rxa2 32. Rxd8 Nf6 33. d7 Nxd7 34. Rxd7 Rxe2 35. Be4 Ra2 36. Rd6 Ra7 37. Re6 Kg8 38. Bxg6 Ra5 39. Kg2 Bf8 40. Kf3 Kg7 41. Kg4 Ra2 42. f3 Ra3 43. Be4 Ra5 44. Kf5 Bb4 45. Rg6+ Kh7 46. Rb6 Bc5 47. Kf6+ Kg8 48. Bd5+ Kh7 49. Rb7+ Kh8 50. Rb8+ 1-0

[Event "Verona op 13th"]
[Site "Verona"]
[Date "2007.01.03"]
[Round "1"]
[White "Stojanovic, Mihajlo"]
[Black "Capitelli, Paolo"]
[Result "1-0"]
[WhiteElo "2576"]
[BlackElo "2155"]
[PlyCount "119"]
[EventDate "2007.01.03"]
[EventType "swiss"]
[EventRounds "7"]
[EventCountry "ITA"]
[SourceTitle "CBM 116 Extra"]
[Source "ChessBase"]
[SourceDate "2007.03.07"]
[SourceVersion "1"]
[SourceVersionDate "2007.03.07"]
[SourceQuality "1"]

1. Nf3 Nf6 2. c4 g6 3. Nc3 Bg7 4. e4 d6 5. d4 0-0 6. Be2 e5 7. Be3 Ng4 8. Bg5 f6 9. Bc1 Nc6 10. d5 Ne7 11. h3 Nh6 12. h4 Nf7 13. h5 g5 14. Be3 c5 15. a3 h6 16. Nd2 f5 17. f3 Bd7 18. g4 f4 19. Bf2 a6 20. 0-0 Qc7 21. Bd3 Rfb8 22. b4 b6 23. Qe2 Kh8 24. Rfb1 Ng8 25. Rb3 Nf6 26. Nf1 Bf8 27. Rab1 Be7 28. Nh2 Qc8 29. R3b2 Bd8 30. Bc2 cxb4 31. axb4 a5 32. Ba4 Bxa4 33. Nxa4 Qd7 34. Qc2 Bc7 35. bxa5 bxa5 36. c5 Qd8 37. c6 Rxb2 38. Rxb2 Rb8 39. Rxb8 Qxb8 40. Qb2 Qb4 41. Qxb4 axb4 42. Kf1 Kg8 43. Ke2 Kf8 44. Kd3 Ke7 45. Kc4 b3 46. Kxb3 Ba5 47. Kc4 Kd8 48. Kb5 Bc7 49. Nf1 Kc8 50. Nd2 Kb8 51. Nc4 Nd8 52. Ka6 Ne8 53. Nc3 Nf6 54. Nb5 Ne8 55. Bb6 Nf7 56. Bxc7+ Nxc7+ 57. Nxc7 Kxc7 58. Na3 Kc8 59. Nb5 Nd8 60. Kb6 1-0

[Event "Verona op 12th"]
[Site "Verona"]
[Date "2006.01.07"]
[Round "7"]
[White "Gallo, Enrico"]
[Black "Capitelli, Paolo"]
[Result "0-1"]
[WhiteElo "2113"]
[BlackElo "2158"]
[PlyCount "100"]
[EventDate "2006.01.02"]
[EventType "swiss"]
[EventRounds "9"]
[EventCountry "ITA"]
[SourceTitle "CBM 110 Extra"]
[Source "ChessBase"]
[SourceDate "2006.03.10"]
[SourceVersion "2"]
[SourceVersionDate "2006.03.10"]
[SourceQuality "1"]

1. e4 c5 2. Nc3 Nc6 3. g3 d6 4. Bg2 g6 5. d3 Bg7 6. Be3 e6 7. Qd2 Nd4 8. Nd1 Ne7 9. c3 Ndc6 10. f4 f5 11. Nf3 0-0 12. 0-0 b6 13. Nf2 Bb7 14. d4 cxd4 15. Nxd4 Nxd4 16. Bxd4 e5 17. Be3 d5 18. exf5 Nxf5 19. fxe5 Bxe5 20. Bg5 Qd7 21. Rae1 Rae8 22. Ng4 Bg7 23. Rxe8 Rxe8 24. Bf6 h5 25. Bxg7 Kxg7 26. Rxf5 Qxf5 27. Qd4+ Kf8 28. Ne3 Qe5 29. Kf2 Qxd4 30. cxd4 Rc8 31. Kf3 Ke7 32. Kf4 Kf6 33. Bxd5 g5+ 34. Kf3 Bxd5+ 35. Nxd5+ Ke6 36. Nc3 Rf8+ 37. Ke3 Kf5 38. h3 g4 39. h4 Ke6 40. Ne2 Rf3+ 41. Ke4 Kd6 42. b3 b5 43. b4 a6 44. Nf4 Rxg3 45. Nxh5 Ra3 46. Kf4 Rxa2 47. Kxg4 Rd2 48. Nf4 Rxd4 49. Kf3 Rxb4 50. h5 Rxf4+ 0-1

[Event "Verona op 12th"]
[Site "Verona"]
[Date "2006.01.03"]
[Round "3"]
[White "Chierici, Marianna"]
[Black "Capitelli, Paolo"]
[Result "1/2-1/2"]
[WhiteElo "1960"]
[BlackElo "2158"]
[PlyCount "281"]
[EventDate "2006.01.02"]
[EventType "swiss"]
[EventRounds "9"]
[EventCountry "ITA"]
[SourceTitle "CBM 110 Extra"]
[Source "ChessBase"]
[SourceDate "2006.03.10"]
[SourceVersion "2"]
[SourceVersionDate "2006.03.10"]
[SourceQuality "1"]

1. e4 c5 2. c3 d5 3. exd5 Qxd5 4. d4 e6 5. Nf3 Nf6 6. Bd3 Be7 7. 0-0 0-0 8. Re1 Nc6 9. a3 Rd8 10. Be3 a6 11. Bc2 cxd4 12. cxd4 b5 13. Nc3 Qh5 14. Qe2 Bb7 15. b4 Rac8 16. Ne4 Nxe4 17. Bxe4 Na5 18. Bxb7 Nxb7 19. Bf4 Qf5 20. Qe5 Qg6 21. Rac1 Bd6 22. Qe3 Qf5 23. Be5 h6 24. h3 Bf8 25. Rxc8 Rxc8 26. Rc1 Rc2 27. Ne1 Rxc1 28. Qxc1 Qe4 29. Qe3 Qxe3 30. fxe3 a5 31. Nd3 f6 32. Bc7 axb4 33. axb4 Kf7 34. Kf2 Ke8 35. Nc5 Nxc5 36. bxc5 Kd7 37. Ba5 Kc6 38. e4 e5 39. dxe5 fxe5 40. Ke3 Bxc5+ 41. Kd3 Kd6 42. Bd2 Ke6 43. g4 Kf6 44. Bc1 Bf2 45. Kc3 Bg3 46. Kb4 Bf4 47. Bb2 Kg5 48. Kxb5 Kh4 49. Kc5 Kxh3 50. Kd5 Kxg4 51. Bxe5 Bxe5 52. Kxe5 h5 53. Kd6 h4 54. e5 h3 55. e6 h2 56. e7 h1Q 57. e8Q Qh6+ 58. Kc7 Qf4+ 59. Kc8 g5 60. Qe2+ Kg3 61. Kd8 g4 62. Ke7 Qf3 63. Qd2 Qe4+ 64. Kd7 Qf4 65. Qe2 Kh3 66. Qe6 Kg2 67. Qe2+ Kg3 68. Kc8 Qf5+ 69. Kd8 Kh3 70. Qe3+ g3 71. Ke7 Qg4 72. Ke8 Qh5+ 73. Kd7 Kh2 74. Qf4 Qh3+ 75. Kd6 Kg1 76. Qe3+ Kh1 77. Qe1+ Kh2 78. Qe5 Qg2 79. Kc7 Qf2 80. Kb8 Kg1 81. Qa1+ Qf1 82. Qd4+ Qf2 83. Qd1+ Kg2 84. Kc8 Qc5+ 85. Kd8 Kf2 86. Qd2+ Kf3 87. Qd1+ Kf4 88. Qd2+ Qe3 89. Qd6+ Ke4 90. Qc6+ Kd3 91. Qb5+ Kd2 92. Qb2+ Ke1 93. Kc8 Qc5+ 94. Kb8 Qf8+ 95. Kc7 Qf7+ 96. Kb8 Qf4+ 97. Kc8 Qg4+ 98. Kb8 g2 99. Qc3+ Kf2 100. Qc5+ Kg3 101. Qe3+ Kh2 102. Qh6+ Qh3 103. Qd2 Qf3 104. Qh6+ Kg1 105. Qh4 Qb3+ 106. Ka8 Kf1 107. Qf4+ Ke2 108. Qe4+ Kf2 109. Qh4+ Qg3 110. Qd4+ Ke1 111. Qe4+ Kd2 112. Qd5+ Ke3 113. Qc5+ Kd2 114. Qd5+ Kc3 115. Qc5+ Kb2 116. Qb6+ Ka2 117. Qe6+ Qb3 118. Qe2+ Qb2 119. Qe6+ Kb1 120. Qe4+ Kc1 121. Qe1+ Kc2 122. Qf2+ Kb3 123. Qb6+ Ka2 124. Qe6+ Ka1 125. Qe1+ Qb1 126. Qe5+ Qb2 127. Qe1+ Ka2 128. Qe6+ Ka3 129. Qa6+ Kb3 130. Qb6+ Kc3 131. Qe3+ Kc4 132. Qe4+ Kc5 133. Qf5+ Kd6 134. Qg6+ Ke7 135. Qh7+ Kf8 136. Qf5+ Kg8 137. Qe6+ Kh7 138. Qh3+ Kg7 139. Qg4+ Kf7 140. Qf5+ Qf6 141. Qd5+ 1/2-1/2

[Event "Schwarzach op"]
[Site "Schwarzach"]
[Date "2005.08.??"]
[Round "2"]
[White "Capitelli, Paolo"]
[Black "Wippermann, Till"]
[Result "0-1"]
[WhiteElo "2158"]
[BlackElo "2446"]
[PlyCount "80"]
[EventDate "2005.08.??"]
[EventType "swiss"]
[EventRounds "9"]
[EventCountry "AUT"]
[SourceTitle "EXT 2007"]
[Source "ChessBase"]
[SourceDate "2006.11.23"]
[SourceVersion "1"]
[SourceVersionDate "2006.11.23"]
[SourceQuality "1"]

1. e4 c5 2. Nf3 d6 3. d4 cxd4 4. Nxd4 Nf6 5. Nc3 g6 6. Be3 Bg7 7. f3 Nc6 8. Bc4 0-0 9. Qd2 Bd7 10. 0-0-0 Qa5 11. Kb1 Rfc8 12. Bb3 Ne5 13. h4 Nc4 14. Bxc4 Rxc4 15. Nb3 Qc7 16. h5 Rxc3 17. Qxc3 Qxc3 18. bxc3 Nxh5 19. Bd4 Be6 20. g4 Nf4 21. Rh2 Bc4 22. Rdh1 h5 23. gxh5 Nxh5 24. Bxg7 Kxg7 25. Nd4 Rc8 26. Rg1 Kf6 27. Nf5 Be6 28. Nh6 Rxc3 29. Ng8+ Ke5 30. Rh4 Rxf3 31. Nxe7 Nf4 32. Ng8 Nh3 33. Rg2 g5 34. Rh6 Kxe4 35. Nf6+ Ke3 36. Nh7 g4 37. Nf8 Nf4 38. Rg1 g3 39. Nxe6 fxe6 40. Re1+ Kf2 0-1

[Event "Schwarzach op"]
[Site "Schwarzach"]
[Date "2005.08.??"]
[Round "8"]
[White "Kaczmarczyk, Dennis"]
[Black "Capitelli, Paolo"]
[Result "1/2-1/2"]
[WhiteElo "2077"]
[BlackElo "2158"]
[PlyCount "83"]
[EventDate "2005.08.??"]
[EventType "swiss"]
[EventRounds "9"]
[EventCountry "AUT"]
[SourceTitle "EXT 2007"]
[Source "ChessBase"]
[SourceDate "2006.11.23"]
[SourceVersion "1"]
[SourceVersionDate "2006.11.23"]
[SourceQuality "1"]

1. d4 Nf6 2. Bg5 e6 3. e4 Be7 4. Nd2 d5 5. e5 Nfd7 6. h4 c5 7. Qg4 f5 8. Qg3 cxd4 9. Ngf3 Nc6 10. Nb3 Bxg5 11. hxg5 Qc7 12. Bb5 Qb6 13. a4 d3 14. g6 h6 15. Ng5 Nc5 16. Nxc5 Qxc5 17. Qxd3 Bd7 18. Nf7 Nb4 19. Qc3 Nxc2+ 20. Kd1 Qxc3 21. bxc3 Nxa1 22. Nxh8 Bxb5 23. axb5 Nb3 24. Nf7 Ke7 25. Nxh6 gxh6 26. Rxh6 Rg8 27. Rh7+ Kd8 28. Rxb7 Rxg6 29. Rxa7 Rxg2 30. b6 Kc8 31. Kc2 Na1+ 32. Rxa1 Rxf2+ 33. Kd3 Kb7 34. Ra7+ Kxb6 35. Re7 Rf3+ 36. Kd2 Kc5 37. Rxe6 d4 38. cxd4+ Kxd4 39. Ke2 Re3+ 40. Kf2 Rxe5 41. Rxe5 Kxe5 42. Ke3 1/2-1/2

[Event "Bari op"]
[Site "Bari"]
[Date "2005.01.30"]
[Round "6"]
[White "Pizzuto, Samuele Tullio"]
[Black "Capitelli, Paolo"]
[Result "1/2-1/2"]
[WhiteElo "2186"]
[BlackElo "2161"]
[PlyCount "47"]
[EventDate "2005.01.22"]
[EventType "swiss"]
[EventRounds "6"]
[EventCountry "ITA"]
[SourceTitle "EXT 2007"]
[Source "ChessBase"]
[SourceDate "2006.11.23"]
[SourceVersion "1"]
[SourceVersionDate "2006.11.23"]
[SourceQuality "1"]

1. d4 Nf6 2. Nc3 d5 3. Bg5 Bf5 4. e3 e6 5. Bd3 Bxd3 6. cxd3 Be7 7. f4 Nbd7 8. Nf3 0-0 9. 0-0 c5 10. Kh1 a6 11. Qc2 b5 12. dxc5 Nxc5 13. Qd2 Rc8 14. Ne2 Nfd7 15. Bxe7 Qxe7 16. Ned4 g6 17. Rac1 f6 18. b4 Na4 19. a3 e5 20. Nc6 Qd6 21. Na5 Kh8 22. Rxc8 Rxc8 23. Rc1 Rxc1+ 24. Qxc1 1/2-1/2